Państwa Ameryki Łacińskiej - Statystyki

Ogólne statystyki
  • Ten quiz został rozwiązany 18 razy
  • Średni wynik to 19 z 20
Statystyki odpowiedzi
Państwo % Poprawnych
Argentyna
100%
Brazylia
100%
Chile
100%
Kostaryka
100%
Ekwador
100%
Kuba
100%
Nikaragua
100%
Panama
100%
Paragwaj
100%
Urugwaj
100%
Wenezuela
100%
Boliwia
94%
Dominikana
94%
Gwatemala
94%
Meksyk
94%
Peru
94%
Haiti
88%
Kolumbia
88%
Honduras
82%
Salwador
82%
Nie znaleziono quizów pasujących do podanych kryteriów
Rozkład punktacji
Procent ludzi z każdym wynikiem
Percentyl według liczby udzielonych odpowiedzi
Twoja historia wyników
Nie rozwiązałeś tego quizu